000 00280nam a22001337a 4500
008 171002b xxu||||| |||| 00| 0 eng d
020 _a9780201407174
041 _aeng
080 _a37
100 _a47
101 _aEDU
245 _aSTYLEBOOK
_cBOCCARDI,L.D
942 _2udc
_cBK
999 _c31143
_d31143